Fenntartható közlekedés és az autómegosztás

Bibliográfiai részletek
Szerző: Magyar Márk
További közreműködők: Németh Dr. Patrícia Ilona
Dokumentumtípus: Diplomadolgozat
Kulcsszavak:21. század
autóipar
fenntarthatóság
jövő
közlekedés
Online Access:http://dolgozattar.uni-bge.hu/60169

MARC

LEADER 00000nta a2200000 i 4500
001 dolg60169
005 20260409150059.0
008 260409suuuu hu om 000 hun d
040 |a BGE Dolgozattár Repozitórium  |b hun 
041 |a hu 
100 1 |a Magyar Márk 
245 1 0 |a Fenntartható közlekedés és az autómegosztás  |c Magyar Márk  |h [elektronikus dokumentum] 
520 3 |a A dolgozat az autómegosztást nem csupán bérlési lehetőségként, hanem egy komplex, fenntarthatóságot segítő rendszerként vizsgálja. Elemzi az autóipar jelenlegi helyzetét, az elektromos járművek előnyeit és korlátait, valamint három magyarországi szolgáltatót (GreenGo, MOL Limo, Wigo). A kutatás szerint a carsharing akkor lehet valóban környezetbarát, ha a magánautózást váltja ki, és beilleszthető a városi közlekedési rendszerbe. A technológia adott, de a társadalmi tudatosság és infrastruktúra még fejlesztésre szorul. 
695 |a 21. század 
695 |a autóipar 
695 |a fenntarthatóság 
695 |a jövő 
695 |a közlekedés 
700 1 |a Németh Dr. Patrícia Ilona  |e ths 
856 4 0 |u http://dolgozattar.uni-bge.hu/60169/1/Magyar%20M%C3%A1rk%20szakdolgozat%20Fenntarthat%C3%B3%20k%C3%B6zleked%C3%A9s%20%C3%A9s%20az%20aut%C3%B3megoszt%C3%A1s.pdf  |z Dokumentum-elérés 
856 4 0 |u http://dolgozattar.uni-bge.hu/60169/2/Magyar%20M%C3%A1rk%20BA%20KM%20magyar%20b%C3%ADr%C3%A1lat.pdf  |z Dokumentum-elérés 
856 4 0 |u http://dolgozattar.uni-bge.hu/60169/3/Magyar%20M%C3%A1rk_k.pdf  |z Dokumentum-elérés